| 000 | 00708nam a22002297a 4500 | ||
|---|---|---|---|
| 942 | _cBK | ||
| 999 |
_c606 _d606 |
||
| 005 | 20250420134818.0 | ||
| 008 | 200812b ||||| |||| 00| 0 eng d | ||
| 020 | _a9781292110974 | ||
| 040 | _cKCST | ||
| 082 |
_a005.133 _bDe Ch |
||
| 100 |
_aDeitel, Paul J. _95061 |
||
| 245 |
_aC how to program : _bwith an introduction to C++ / _cPaul J Deitel; Harvey M Deitel; Piyali Sengupta |
||
| 250 |
_a8th edition _bGlobal edition |
||
| 260 |
_aHarlow: _bPearson, _c2016. |
||
| 300 | _a1005 p. | ||
| 650 |
_aC (Computer program language) _9657 |
||
| 650 |
_aC++ (Computer program language) _9162 |
||
| 700 |
_aDeitel, Harvey M. _d1945- _95062 |
||
| 700 |
_aSengupta, Piyali _95063 |
||
| 942 | _2ddc | ||